[Event "Fall Chess Classic-A 2019"]
[Site "Saint Louis"]
[Date "2019.09.18"]
[Round "9.5"]
[White "Melkumyan, Hrant"]
[Black "Bortnyk, Olexandr"]
[Result "1/2-1/2"]
[WhiteElo "2653"]
[BlackElo "2602"]
[Annotator "TA"]
[PlyCount "179"]
[EventDate "2019.09.10"]
[EventType "tourn"]
[EventCountry "USA"]
[SourceTitle "playchess.com"]
[Source "ChessBase"]
[SourceQuality "1"]

{[%evp 10,179,65,55,75,79,96,89,100,97,128,97,114,99,124,121,108,96,105,97,98,104,132,86,113,86,112,86,86,74,86,86,86,50,50,50,58,50,84,84,84,84,84,84,84,84,84,84,84,84,124,124,124,124,124,124,124,124,124,97,97,97,97,97,142,166,102,92,102,120,154,124,150,139,104,85,75,8,8,8,8,0,0,0,0,0,0,0,0,0,0,0,0,-8,-8,-8,69,-77,0,0,0,0,0,0,41,0,0,0,0,0,0,0,0,0,0,0,0,0,133,0,409,410,1246,1167,1107,1022,1458,1250,1395,1319,1312,1316,981,47,47,47,47,12,12,20,653,0,0,0,0,0,0,0,0,0,0,0,0,0,0,0,0,0,0,0,0,0,0,0,0,0,0,0,0,0,0,0]} 1. d4 Na6 2. e4 c6 3. Nf3 g6 4. c4 Bg7 5. Nc3 d6 6. Be2 Bg4 {A42: Modern Defence: Averbakh Variation} (6... Nf6 7. Rb1 O-O 8. O-O e5 9. d5 Nc5 10. Nd2 a5 11. b3 Rb8 12. Ba3 Na6 13. Re1 Nb4 14. Nf1 Bd7 15. Ne3 b5 16. Bb2 bxc4 17. Bxc4 cxd5 18. Nexd5 Nfxd5 19. Bxd5 {1-0 (87) Oatlhotse,P (2252)-Bellahcene,B (2550) Casablanca 2019}) 7. Be3 Bxf3 $146 ({Predecessor:} 7... Nf6 8. O-O O-O 9. a3 Nc7 10. d5 Nd7 11. Rc1 c5 12. b4 b6 13. h3 Bxf3 14. Bxf3 cxb4 15. axb4 {½-½ (39) Roeder,M (2415)-Weemaes,R (2312) Belgium 2005}) 8. Bxf3 e5 {White is better.} 9. d5 c5 10. Qb3 Rb8 11. Nb5 Ra8 12. g4 Nc7 13. h4 Nxb5 14. Qxb5+ Qd7 15. a4 a5 16. g5 h5 17. Bg2 f5 18. Bd2 Ne7 19. Ke2 (19. Bxa5 Qxb5 20. axb5 b6 $15) 19... Qxb5 20. axb5 b6 21. b4 cxb4 {[#]} 22. Bxb4 $1 {[%mdl 576] Pin} Kd7 (22... axb4 23. Rxa8+) 23. Bd2 Rhf8 24. Be3 Rab8 25. f3 Kc7 26. Rhd1 Rbd8 27. Bh3 Rf7 28. Ra2 Bf8 29. Rad2 f4 30. Bf2 Nc8 31. Ra2 Kb7 32. Rda1 Rc7 33. Kd3 Be7 34. Be1 Kb8 35. Be6 Bf8 36. Bc3 Re8 37. Bxa5 bxa5 38. Rxa5 Nb6 39. Ra6 Rb7 40. Bf7 Rxf7 41. Rxb6+ Rb7 42. Rba6 Kc7 43. c5 ({White should play} 43. R1a5 $16) 43... dxc5 $11 44. Kc4 Reb8 $1 45. Rf6 Be7 $1 {[%cal Re7f6] [#]} 46. d6+ $1 {[%mdl 512]} Bxd6 47. Rd1 Rb6 48. Rxg6 Bf8 49. Rxb6 Rxb6 {[%mdl 4096] Endgame KRB-KR} 50. Ra1 Kb7 51. Kd5 Rxb5 52. Ke6 $1 {[%cal Re6f7] aiming for Kf7.} Kb8 (52... Rb3 $11) 53. Rc1 (53. Kf7 $14 {stays ahead.} Bd6 54. Rd1 Rb7+ 55. Ke6) 53... Bg7 (53... Kc7 $17) 54. Kf5 Kc7 55. Kg6 Bf8 56. Kxh5 Rb3 57. Kg4 {[%mdl 1024] White has compensation.} (57. Kg6 $5 {[%cal Rg6f7]} Rxf3 58. Kf7 $16) 57... Rb2 58. h5 Kd7 {And now ...Ke6 would win.} 59. Kf5 Rg2 60. Rd1+ Ke8 61. g6 Bh6 62. Ra1 c4 63. Ke6 {[%cal Ra1a8]} Kd8 (63... Kf8 $11) 64. Rd1+ (64. Ra8+ $1 $16 Kc7 65. Ra4) 64... Kc7 $2 {[%mdl 8192]} (64... Ke8 $11) 65. Rc1 $18 Rg5 (65... Kd8 $142 66. Rxc4 (66. Kxe5 c3 $15) 66... Ra2) 66. Rxc4+ Kb7 67. Rc5 Rxh5 68. Rxe5 Rh1 69. Kf7 Kc6 70. Re8 ({Inferior is} 70. g7 Bxg7 71. Kxg7 Rh3 $11) ({Weaker is} 70. Re6+ Kc5 $18) 70... Ra1 {[#]} 71. Rh8 $2 (71. e5 $1 $18 Ra7+ 72. Re7) 71... Ra7+ $14 72. Ke6 Bg7 73. Rc8+ (73. Rh7 $5 {[%cal Rh7g7]}) 73... Kb6 74. Re8 Ra3 $2 {[%mdl 8192] [#]} (74... Ra5 $11) 75. Re7 $2 ({Only move:} 75. Kf7 $1 $18 {[%cal Rf7g7]} Bh6 76. e5 Ra7+ 77. Re7) 75... Ba1 $11 {The position is equal.} 76. g7 (76. Rf7 {with more complications.} Rxf3 77. Rf5 Rg3 78. Kf7 Re3 79. Rxf4 Kc5 80. Rf5+) 76... Bxg7 $1 77. Rxg7 Rxf3 {KR-KR} 78. e5 Re3 79. Rf7 $1 {[%cal Rf7f4]} f3 $1 80. Kd5 {Strongly threatening e6.} Rd3+ $1 81. Ke4 Ra3 82. Kd5 {Black must now prevent e6.} (82. e6 {seems wilder.} Kc6 83. Kd4 Kd6 84. e7 Ra4+ 85. Ke3) 82... Rd3+ 83. Ke6 (83. Kc4 {is more complex.} Ra3 84. Kd4 Kc6 85. Rf6+ Kd7 86. Kd5) 83... Kc6 84. Rf4 Re3 85. Rc4+ Kb5 86. Rc2 Re2 87. Rc3 f2 88. Rf3 Kc5 89. Rf4 Kc6 90. Rf3 {Accuracy: White = 57%, Black = 60%.} 1/2-1/2